000 00262nam a22001217a 4500
008 181102b xxu||||| |||| 00| 0 eng d
041 _aeng
080 _a611.085
100 _a9
101 _aHIST
245 _aA Textbook of Histology
_cBloom
942 _2udc
_cBK
999 _c51743
_d51743